000 00455cam a2200181ua 4500
001 4136
008 111219n ii |||gr||||Z||||||asm
040 _cMAIN
082 _a891.4513
100 _aSaikia, Nagen,
_eEditor.,
245 1 1 _aAsamiya galpa kaumudi
_ced, by Nagen Saikia
250 _a3rd.
260 _aDibrugarh:
_bBanalata,996.
300 _a287p:
_c23cm.
653 _aAssamese short stories
653 _aAsamiya galpa kaumudi
942 _cBK
999 _c3958
_d3958